| 000 | 00682nam a22002297a 4500 | ||
|---|---|---|---|
| 003 | OSt | ||
| 005 | 20220107122847.0 | ||
| 008 | 190117b xxu||||| |||| 00| 0 eng d | ||
| 020 | _a9781498705387 | ||
| 040 | _cIIITMK | ||
| 082 | _a006.31 MOH/M | ||
| 100 |
_aMohammed, Mohssen _915208 |
||
| 245 |
_aMachine learning: _bAlgorithms and applications _cMohssen Mohammed |
||
| 260 |
_aBoca Raton, _bCRC Press, _c2017. |
||
| 300 | _axxii, 204p. | ||
| 650 |
_aCOMPUTER SCIENCE _916586 |
||
| 650 |
_aMACHINE LEARNING _916587 |
||
| 650 |
_aCOMPUTER ALGORITHMS _916588 |
||
| 700 |
_a Khan, Muhammad Badruddin _915209 |
||
| 700 |
_a Bashier, Eihab Bashier Mohammed _915210 |
||
| 942 |
_2ddc _cBK |
||
| 999 |
_c6332 _d6332 |
||